Opening Pandora's box - the method of measurement for Highway Works (MMHW): Part 10 - down the drain (Record no. 75162)
[ view plain ]
| 000 -LEADER | |
|---|---|
| fixed length control field | 01545cab a2200193 4500 |
| 001 - CONTROL NUMBER | |
| control field | L129543 |
| 008 - FIXED-LENGTH DATA ELEMENTS--GENERAL INFORMATION | |
| fixed length control field | 050428n2005 000 0 eng u |
| 035 ## - SYSTEM CONTROL NUMBER | |
| System control number | (Sirsi) u129543 |
| 041 ## - LANGUAGE CODE | |
| Language code of text/sound track or separate title | eng |
| 100 ## - MAIN ENTRY--PERSONAL NAME | |
| Personal name | Mitchell, Hamish |
| 245 ## - TITLE STATEMENT | |
| Title | Opening Pandora's box - the method of measurement for Highway Works (MMHW): Part 10 - down the drain |
| 260 ## - PUBLICATION, DISTRIBUTION, ETC. | |
| Date of publication, distribution, etc. | 2005 |
| 490 ## - SERIES STATEMENT | |
| Series statement | Civil Engineering Surveyor |
| Volume/sequential designation | April 2005, 23-26(4) |
| 520 ## - SUMMARY, ETC. | |
| Summary, etc. | Looks at the introduction of the MTMM in 1969 and the way it streamlined the measurement of drainage. Outlines various types of pavement and their relation to tabulated billing, as the MMHW, where provided for in a contract, permits the tenderer to select the type of pavement to be constructed from a number of alternatives provided for in a separate bill of quantities. Itemises various types of drainage components such as filter drains and sewers. Highlights a unique procedure for adjusting the rates for the pipe runs to take account of any variance in depth, as adjustments may increase or decrease the contract price. Concludes that measurement and billing of drainage is much more sophisticated than it used to be, although problems in Series 500 concerning highway works could mar an otherwise good approach to drainage measurement. (See also Abs67770, Abs67769, ABS67964, Abs68163, Abs68280, Abs68473, Abs68677, Abs68871). |
| 590 ## - LOCAL NOTE (RLIN) | |
| Local note | IKA290405 |
| 650 ## - SUBJECT ADDED ENTRY--TOPICAL TERM | |
| Topical term or geographic name entry element | BUILT ENVIRONMENT-QUANTITY SURVEYING-METHOD OF MEASUREMENT FOR HIGHWAY WORKS |
| 690 ## - LOCAL SUBJECT ADDED ENTRY--TOPICAL TERM (OCLC, RLIN) | |
| Topical term or geographic name as entry element | Quantity surveying |
| 9 (RLIN) | 6263 |
| 942 ## - ADDED ENTRY ELEMENTS (KOHA) | |
| Suppress in OPAC | 0 |
| Withdrawn status | Lost status | Source of classification or shelving scheme | Damaged status | Not for loan | Home library | Current library | Shelving location | Date acquired | Total Checkouts | Full call number | Barcode | Date last seen | Copy number | Price effective from | Koha item type |
|---|---|---|---|---|---|---|---|---|---|---|---|---|---|---|---|
| Dewey Decimal Classification | London | London | Journal article | 28/04/2005 | L129543 | 129543-1001 | 06/08/2019 | 1 | 06/08/2019 | Journal article |